000 00315nam a2200145Ia 4500
100 _aNagalakshmi/Shanmugam
650 _aGeneral
942 _cBK
245 _aThe forgotten secrets of a Magical marriage
260 _bEmbassy Books
_c2016
082 _bNAG
300 _a226
546 _aENGLISH
999 _c21055
_d21055